Antecedentes del servicio civil en Costa Rica

Shranjeno v:
Bibliografske podrobnosti
Glavni avtor: Luján, Jaime
Format: Texto
Izdano: San José :
Oznake: Označite
Brez oznak, prvi označite!

MARC

LEADER 00000 a a2200000 04500
001 17265
003
040
090 |a 010900  
100 |a Luján, Jaime  
245 |a Antecedentes del servicio civil en Costa Rica  
260 |a San José :  
300 |a 21 p.  
999 |c 11830  |d 11830